| 000 | 00860nam a22002417a 4500 | ||
|---|---|---|---|
| 001 | 80418 | ||
| 003 | BD-RjUL | ||
| 005 | 20220924171726.0 | ||
| 008 | 220924s2002 bg ||||| m||| 00| 0 eng d | ||
| 035 | _a(BD-RjUL)80418 | ||
| 040 |
_aBD-RjUL _beng _cBD-RjUL _dBD-RjUL |
||
| 041 | _aeng | ||
| 082 |
_223 _a512.4 _bDES 2002 |
||
| 100 |
_aDey, Kalyan Kumar _94783 |
||
| 245 | 1 | 0 |
_aStudy of radicals and semisimple Classes of Rings / _cBy Kalyan, Kumar Dey ; _6Supervisor : Subrata, Majumdar |
| 260 |
_aRajshahi : _bDepartment of Mathematics, University of Rajshahi, _c2002 |
||
| 300 |
_a[7], 67 leaves ; _bill, : _c29.cm. |
||
| 502 | _aThesis (M. Phil.) -- Department of Mathematics, University of Rajshahi, 2002 | ||
| 504 | _aReferences : Leaves 65 - 67 | ||
| 650 |
_aRings _vAlgebra _94962 |
||
| 700 |
_aMajumdar, Subrata, Supervisor _94785 |
||
| 942 |
_2ddc _cREF |
||
| 999 |
_c80418 _d80418 |
||